Separation processes
Gespeichert in:
| 1. Verfasser: | |
|---|---|
| Format: | Buch |
| Sprache: | Englisch |
| Veröffentlicht: |
Nueva Delhi
Tata McGraw-Hill
1971
|
| Schlagworte: | |
| Tags: |
Tag hinzufügen
Keine Tags, Fügen Sie den ersten Tag hinzu!
|
MARC
| LEADER | 00000nam a2200000 a 4500 | ||
|---|---|---|---|
| 001 | UCU7139 | ||
| 003 | CL-VaPUC | ||
| 008 | 960628e19710000II |||||||||||||||||eng|d | ||
| 082 | 0 | 4 | |a 660.284 |b KIN |2 21 |
| 100 | |a King, C. Judson |e author |9 367608 | ||
| 245 | 1 | 0 | |a Separation processes |
| 300 | |a 809 p | ||
| 942 | |c BK | ||
| 945 | |d 19960628 00:00:00 |a lriquelm | ||
| 260 | |a Nueva Delhi |b Tata McGraw-Hill |c 1971 | ||
| 650 | 7 | |a SEPARACION QUIMICA |2 CL-VaPUC |9 342424 | |
| 650 | 7 | |a REFINACION |2 CL-VaPUC |9 365697 | |
| 650 | 0 | |a Tecnología química |9 263002 | |
| 650 | 7 | |a EQUILIBRIOS QUIMICOS |2 CL-VaPUC |9 336637 | |
| 650 | 0 | |a Destilación |9 263952 | |
| 583 | |a last modification |c 19960628 00:00:00 |k Rodrigo Vera | ||
| 999 | |c 249831 |d 249829 | ||